00986nam a2200253 a 450000100100000000500170001000800410002702000150006804000250008308200180010810000280012624501170015426000350027130000210030649000300032750000280035765000210038565000240040683000390043004900090046995201160047895201210059499900170071500002524120200930023643.0110209s1998 mx a r 000 | spa d a9686733485 aDO-SdBNPbspacBNPHU a133.52bB663a1 aBobadilla, Mario95173110aAstrología védica :bel camino hindú hacia el éxito, la felicidad y la realización /cMario Bobadilla. aMéxico, D. F. :bYug,c1998. a227 p. ;c22 cm. aEsoterismo y Realidadv50 aBibliografía : p. 227 4aZodíaco913119 4aAstrología925640 0aEsoterismo y Realidad ;v50947525 aBNGR 001050718MOaGRbGRcCTd2011-02-11iLF1l0o133.52 B663ap25241-10r2020-06-25w2020-06-25y1ZNo se presta 001050718MOaGRbGRcCTd2011-02-11iLF1l0o133.52 B663ap25241-20r2020-06-25te.2w2020-06-25y1ZNo se presta c24734d24734